Abundance :the future is better than you think / (Record no. 1862)

000 -LEADER
fixed length control field 02875cam a22004454a 4500
001 - CONTROL NUMBER
control field 17031460
003 - CONTROL NUMBER IDENTIFIER
control field OSt
005 - DATE AND TIME OF LATEST TRANSACTION
control field 20150612090650.0
008 - FIXED-LENGTH DATA ELEMENTS--GENERAL INFORMATION
fixed length control field 111102s2012 nyuab b 001 0 eng
010 ## - LIBRARY OF CONGRESS CONTROL NUMBER
LC control number 2011039926
020 ## - INTERNATIONAL STANDARD BOOK NUMBER
International Standard Book Number 9781451614213 (hc)
020 ## - INTERNATIONAL STANDARD BOOK NUMBER
International Standard Book Number 1451614217 (hc0
035 ## - SYSTEM CONTROL NUMBER
System control number (OCoLC)ocn741542469
040 ## - CATALOGING SOURCE
Original cataloging agency DLC
Language of cataloging eng
Transcribing agency DLC
Modifying agency YDX
-- BTCTA
-- YDXCP
-- BDX
-- MOF
-- OKN
-- UPZ
-- CDX
-- MNW
-- ZJI
-- WSB
-- DLC
042 ## - AUTHENTICATION CODE
Authentication code pcc
050 00 - LIBRARY OF CONGRESS CALL NUMBER
Classification number T173.8.D536 2012
082 00 - DEWEY DECIMAL CLASSIFICATION NUMBER
Classification number 303.48/3
Edition number 23
100 1# - MAIN ENTRY--PERSONAL NAME
Personal name Diamandis, Peter H.
245 10 - TITLE STATEMENT
Title Abundance :the future is better than you think /
Statement of responsibility, etc Peter H. Diamandis and Steven Kotler.
250 ## - EDITION STATEMENT
Edition statement 1st Free Press hardcover ed.
260 ## - PUBLICATION, DISTRIBUTION, ETC. (IMPRINT)
Place of publication, distribution, etc New York :
Name of publisher, distributor, etc Free Press,
Date of publication, distribution, etc 2012.
300 ## - PHYSICAL DESCRIPTION
Extent xi, 386 p. :
Other physical details ill., maps ;
Dimensions 24 cm.
504 ## - BIBLIOGRAPHY, ETC. NOTE
Bibliography, etc Includes bibliographical references (p. [305]-356) and index.
505 0# - FORMATTED CONTENTS NOTE
Formatted contents note Pt. 1: Perspective. Our grandest challenge -- Building the pyramid -- Seeing the forest through the trees -- It's not as bad as you think -- pt. 2: Exponential technologies. Ray Kurzweil and the go-fast button -- The singularity is nearer -- pt. 3: Building the base of the pyramid. The tools of cooperation -- Water -- Feeding nine billion -- pt. 4: The forces of abundance. The DIY innovator -- The technophilanthropists -- The rising billion -- pt. 5: Peak of the pyramid. Energy -- Education -- Health care -- Freedom -- pt. 6: Steering faster. Driving innovation and breakthroughs -- Risk and failure -- Which way next?
520 ## - SUMMARY, ETC.
Summary, etc The authors document how four forces--exponential technologies, the DIY innovator, the Technophilanthropist, and the Rising Billion--are conspiring to solve our biggest problems. "Abundance" establishes hard targets for change and lays out a strategic roadmap for governments, industry and entrepreneurs, giving us plenty of reason for optimism.
650 #0 - SUBJECT ADDED ENTRY--TOPICAL TERM
Topical term or geographic name as entry element Technological innovations
General subdivision Forecasting.
650 #0 - SUBJECT ADDED ENTRY--TOPICAL TERM
Topical term or geographic name as entry element Technological forecasting.
650 #0 - SUBJECT ADDED ENTRY--TOPICAL TERM
Topical term or geographic name as entry element Technology
General subdivision Social aspects.
650 #0 - SUBJECT ADDED ENTRY--TOPICAL TERM
Topical term or geographic name as entry element Social prediction.
650 #0 - SUBJECT ADDED ENTRY--TOPICAL TERM
Topical term or geographic name as entry element Economic forecasting.
700 1# - ADDED ENTRY--PERSONAL NAME
Personal name Kotler, Steven,
Dates associated with a name 1967-
856 42 - ELECTRONIC LOCATION AND ACCESS
Materials specified Publisher description
Uniform Resource Identifier <a href="http://catdir.loc.gov/catdir/enhancements/fy1202/2011039926-d.html">http://catdir.loc.gov/catdir/enhancements/fy1202/2011039926-d.html</a>
856 42 - ELECTRONIC LOCATION AND ACCESS
Materials specified Contributor biographical information
Uniform Resource Identifier <a href="http://catdir.loc.gov/catdir/enhancements/fy1202/2011039926-b.html">http://catdir.loc.gov/catdir/enhancements/fy1202/2011039926-b.html</a>
856 41 - ELECTRONIC LOCATION AND ACCESS
Materials specified Sample text
Uniform Resource Identifier <a href="http://catdir.loc.gov/catdir/enhancements/fy1205/2011039926-s.html">http://catdir.loc.gov/catdir/enhancements/fy1205/2011039926-s.html</a>
856 42 - ELECTRONIC LOCATION AND ACCESS
Materials specified Publisher description
Uniform Resource Identifier <a href="http://www.loc.gov/catdir/enhancements/fy1202/2011039926-d.html">http://www.loc.gov/catdir/enhancements/fy1202/2011039926-d.html</a>
856 42 - ELECTRONIC LOCATION AND ACCESS
Materials specified Contributor biographical information
Uniform Resource Identifier <a href="http://www.loc.gov/catdir/enhancements/fy1202/2011039926-b.html">http://www.loc.gov/catdir/enhancements/fy1202/2011039926-b.html</a>
906 ## - LOCAL DATA ELEMENT F, LDF (RLIN)
a 7
b cbc
c orignew
d 1
e ecip
f 20
g y-gencatlg
942 ## - ADDED ENTRY ELEMENTS (KOHA)
Source of classification or shelving scheme
Koha item type Book
Holdings
Withdrawn status Lost status Source of classification or shelving scheme Damaged status Not for loan Home library Current library Shelving location Date acquired Total Checkouts Full call number Barcode Date last seen Copy number Price effective from Koha item type
          Riara University Library Riara University Library General stack 12/06/2015   T173.8.D536 2012 6377/15 12/06/2015 C.1 12/06/2015 Book

Riara University Library,
P.O. Box 49940-00100,
Nairobi, Kenya.